[Event "Olympiad Women 2024"]
[Site "Budapest HUN"]
[Date "2024.09.19"]
[Round "8.60"]
[Board "2"]
[White "Msukwa, Tupokiwe"]
[Black "Blackman, Katrina"]
[Result "0-1"]
[WhiteElo "1674"]
[BlackElo "1814"]
[PlyCount "78"]
[EventDate "2024.09.11"]
[WhiteTeam "Malawi"]
[BlackTeam "Barbados"]
[WhiteTeamCountry "MWI"]
[BlackTeamCountry "BAR"]

1. d4 e6 2. c4 f5 3. Bf4 Nf6 4. Nf3 b6 5. Nc3 Bb7 6. e3 Be7 7. Be2 O-O 8. h3 Ne4 9. O-O d6 10. d5 e5 11. Bh2 Nxc3 12. bxc3 Nd7 13. Qc2 $146 ({RR} 13. Nd2 Nc5 14. f3 Qe8 15. Nb3 Nxb3 16. axb3 a5 17. b4 axb4 18. cxb4 Bf6 19. e4 f4 20. Kh1 Qh5 21. Bg1 Bh4 22. Bf2 Bg3 23. Rxa8 Rxa8 24. Bxg3 fxg3 25. f4 Qh4 26. Qd2 exf4 27. Qxf4 Qxf4 {0-1 Aleman Alamo,N (1632)-Cruz Pino,A (1960) Gran Canaria Mendoz Memorial 3rd 2011 (2)}) 13... Nc5 14. Rfd1 Qe8 15. Nd2 Bc8 16. Nb3 Ne4 17. f4 Bf6 18. Bf3 exf4 19. Bxe4 fxe4 20. Bxf4 Qg6 21. Kh2 Bd7 22. Nd4 Rae8 23. Rf1 Rf7 24. Qe2 Ref8 25. Rab1 Bg5 26. Bxg5 Qxg5 27. Rxf7 Rxf7 28. Qe1 Qf6 29. Rb2 g6 30. Qg3 Qf1 31. Re2 Qa1 32. Qh4 Qxc3 33. Qd8+ Kg7 34. Ne6+ Bxe6 35. dxe6 Qe5+ 36. Kg1 Qxe6 37. Rc2 Qf6 38. Qa8 Qf1+ 39. Kh2 Qd3 0-1

[Event "Olympiad Women 2024"]
[Site "Budapest HUN"]
[Date "2024.09.19"]
[Round "8.60"]
[Board "4"]
[White "Jaylos Rachel"]
[Black "Eversley, Kiarra"]
[Result "1-0"]
[WhiteElo "1540"]
[BlackElo "1615"]
[PlyCount "59"]
[EventDate "2024.09.11"]
[WhiteTeam "Malawi"]
[BlackTeam "Barbados"]
[WhiteTeamCountry "MWI"]
[BlackTeamCountry "BAR"]

1. e4 c5 2. Nf3 d6 3. d4 cxd4 4. Nxd4 Nf6 5. Nc3 e6 6. Bg5 Be7 7. Bd3 a6 8. h3 ({RR} 8. Qe2 Nxe4 9. Nxe4 Bxg5 10. Nf5 exf5 11. Nxg5+ Kf8 12. h4 h6 13. Nf3 Qe7 14. O-O-O Nc6 15. Rhe1 Be6 16. Bc4 Re8 17. Qd2 Rd8 18. Nd4 d5 19. Bb3 Qf6 20. Qe3 Nxd4 21. Rxd4 g5 22. Qd2 gxh4 {½-½ Hausner,I (2480)-Ftacnik,L (2565) CZE-chT 9394 1994 (8)}) 8... Qc7 ({RR} 8... Nxe4 9. Bxe7 Nxc3 10. Qd2 Qxe7 11. Qxc3 O-O 12. O-O Qg5 13. Rfe1 Nd7 14. Rad1 Ne5 15. Be2 Ng6 16. Nf3 Qc5 17. Qxc5 dxc5 18. a4 b6 19. Rd6 Rb8 20. Red1 Nf4 21. Bf1 b5 22. Ne5 Nd5 23. Nc6 {1-0 Mutabazi,H (1666)-Ah Kye,B Olympiad-44 Chennai 2022 (5.3)}) 9. O-O Nc6 $146 ({RR} 9... Nbd7 10. Nf3 b5 11. a3 Bb7 12. Re1 O-O 13. Qd2 Rfe8 14. Rac1 Rad8 15. Qe2 Nc5 16. b4 Ncd7 17. Nb1 Nb6 18. Nbd2 d5 19. Bxf6 Bxf6 20. exd5 Nxd5 21. Be4 Nc3 22. Qe3 Nxe4 23. Nxe4 Bb2 24. Rcd1 {1-0 Garrido Egido,M-Juret,D Asturias Primera op-B 1998 (6)}) 10. Nb3 b5 11. a3 Bb7 12. Ne2 O-O 13. Ng3 d5 14. exd5 Nxd5 15. Bxe7 Ncxe7 16. Re1 Rfd8 17. Rc1 Nf4 18. Ne4 Neg6 19. Re3 Ne5 20. Nbc5 Rd5 21. Nxb7 Qxb7 22. Rg3 Kh8 23. Qd2 Nfxd3 24. cxd3 Rad8 25. Nc5 Qb6 26. b4 f6 27. Re1 R5d6 28. Qe3 Nxd3 29. Nxd3 Rxd3 30. Qxb6 1-0

[Event "Olympiad Women 2024"]
[Site "Budapest HUN"]
[Date "2024.09.19"]
[Round "8.61"]
[Board "1"]
[White "Nihaya, Ahmed"]
[Black "Aliu, Arlinda"]
[Result "1-0"]
[WhiteElo "1589"]
[BlackElo "1780"]
[PlyCount "91"]
[EventDate "2024.09.11"]
[WhiteTeam "Maldives"]
[BlackTeam "Kosovo"]
[WhiteTeamCountry "MDV"]
[BlackTeamCountry "KOS"]

1. c4 d6 2. d4 g6 3. Nc3 Bg7 4. e4 Nd7 5. Be3 Ngf6 ({RR} 5... a6 6. Be2 c6 7. Nf3 b5 8. O-O Ngf6 9. cxb5 axb5 10. a3 O-O 11. h3 Nb6 12. Qd2 {½-½ Georgiev,V (2559)-Haub,T (2458) Copenhagen Cand op 2013 (9)}) 6. Bd3 ({RR} 6. g4 c5 7. Be2 Qa5 8. Qd2 Nb6 9. h3 O-O 10. d5 Bd7 11. f4 Na4 12. e5 Ne8 13. Nf3 Nc7 14. O-O Rab8 15. Qc2 b5 16. Nxa4 bxa4 17. Bd2 Qa6 18. Bc3 e6 19. Rfd1 f5 20. g5 Rfe8 {1-0 Rivas Crespo,A (2065)-Hernandez Alonso,P Tenerife-chT Segunda 1617 2016 (10.1)}) 6... c5 7. d5 O-O 8. Nge2 $146 ({RR} 8. f4 a6 9. Nf3 Rb8 10. a4 b6 11. O-O Qc7 12. Qe1 Re8 13. Qh4 Bb7 14. Rae1 e6 15. e5 dxe5 16. fxe5 exd5 17. Bf4 {1-0 Braga Neto,A-Souza,C BRA North Region-ch 10th 2007 (5)}) 8... Ne5 9. h3 Nxd3+ 10. Qxd3 b6 11. g4 e6 12. Bg5 Qd7 13. O-O-O e5 14. Qd2 Ba6 15. Qd3 Ne8 16. a4 Nc7 17. Nb5 Bxb5 18. axb5 a6 19. bxa6 b5 20. cxb5 Qxb5 21. Qxb5 Nxb5 22. Kc2 Rxa6 23. Be3 Rb8 24. Ra1 Rab6 25. Ra2 Bf6 26. Rha1 Nd4+ 27. Nxd4 cxd4 28. Bc1 Rc8+ 29. Kd1 Kg7 30. Ra6 Bd8 31. Rxb6 Bxb6 32. Ra6 Bc5 33. f4 f6 34. g5 Rb8 35. Rc6 Rb7 36. Kc2 Kf7 37. gxf6 Kxf6 38. Rc8 d3+ 39. Kd1 Rb4 40. fxe5+ Kxe5 41. Re8+ Kf6 42. Bd2 Kf7 43. Bxb4 Kxe8 44. Bxc5 dxc5 45. b3 Ke7 46. e5 1-0

[Event "Olympiad Women 2024"]
[Site "Budapest HUN"]
[Date "2024.09.19"]
[Round "8.61"]
[Board "3"]
[White "Aishath Iva Hassan"]
[Black "Saraci, Rinesa"]
[Result "1-0"]
[WhiteElo "1422"]
[BlackElo "1757"]
[PlyCount "129"]
[EventDate "2024.09.11"]
[WhiteTeam "Maldives"]
[BlackTeam "Kosovo"]
[WhiteTeamCountry "MDV"]
[BlackTeamCountry "KOS"]

1. d4 Nf6 2. Bf4 e6 3. e3 d5 4. Nf3 c5 5. c3 Nc6 6. Bd3 Bd6 7. Bg3 O-O 8. Nbd2 b6 9. Qe2 cxd4 ({RR} 9... Bb7 10. Rd1 Re8 11. e4 Be7 12. e5 Nh5 13. h4 cxd4 14. Nxd4 Nxg3 15. fxg3 Bc5 16. N2f3 f5 17. g4 a5 18. a3 Qc7 19. Nb5 Qd7 20. b4 axb4 21. axb4 Bf8 22. O-O g6 23. h5 Ba6 24. Nbd4 {½-½ Esipenko,A (2593)-Karjakin,S (2753) Wch Rapid St Petersburg 2018 (8)}) 10. cxd4 ({RR} 10. exd4 Ne7 11. Ne5 Nf5 12. f4 g6 13. Bf2 Nh5 14. g3 f6 15. Nef3 Qc7 16. O-O Bxf4 17. Bxf5 gxf5 18. gxf4 Nxf4 19. Qe1 Ba6 20. Bg3 Qg7 21. Kh1 Bxf1 22. Nxf1 Qg4 23. Qe3 Nh3 24. Qxe6+ Kh8 {1-0 Jeremic,M (2052)-Gogic,A (1772) 23rd ch-EUR Indiv 2023 (6.227)}) 10... Bb7 $146 ({RR} 10... Nb4 11. Bxd6 Qxd6 12. O-O Nxd3 13. Qxd3 Bb7 14. Rfc1 Rfc8 15. Ne5 Ne8 16. Nb3 f6 17. Nf3 Qd7 18. Qf1 Nd6 19. Nfd2 a5 20. Rxc8+ Rxc8 21. Rc1 a4 22. Na1 Rc7 23. Rxc7 Qxc7 24. Qd1 Qc6 25. Nc2 {0-1 Mayer,R (1437)-Hitzer,D (1682) Frankfurt-chA 2019 (3)}) 11. a3 Rc8 12. Rd1 Re8 13. Ne5 g6 14. h4 Nh5 15. Qf3 Qc7 16. Ng4 Bxg3 17. fxg3 f5 18. Nf2 Qxg3 19. Qxg3 Nxg3 20. Rh3 Nh5 21. g4 Nf6 22. g5 Nh5 23. Nh1 e5 24. dxe5 Nxe5 25. Be2 Ng4 26. Nf1 Rc7 27. Nf2 Nxf2 28. Kxf2 Rc2 29. Rd2 Rec8 30. b4 Rxd2 31. Nxd2 Rc2 32. Ke1 Ra2 33. Bxh5 gxh5 34. Nf3 Rxa3 35. Nd4 f4 36. Kf2 fxe3+ 37. Rxe3 Ra2+ 38. Kg3 Rb2 39. b5 Kf7 40. Nf5 Bc8 41. Nd6+ Kg6 42. Nxc8 Rxb5 43. Nxa7 Rb4 44. Rd3 Rg4+ 45. Kh3 Rg1 46. Rxd5 Rh1+ 47. Kg3 Rg1+ 48. Kh2 Rg4 49. Kh3 Rg1 50. Rd4 Kf5 51. Rb4 Ra1 52. Nc8 Ra3+ 53. Kg2 Ra2+ 54. Kf3 Ra3+ 55. Ke2 Ra2+ 56. Kd3 Ra3+ 57. Kc4 Kg4 58. Kb5+ Kh3 59. Nxb6 Rg3 60. Nd5 Rg4 61. Nf6 Rg2 62. Nxh7 Re2 63. Nf6 Re5+ 64. Ka4 Re6 65. Nxh5 1-0

[Event "Olympiad Women 2024"]
[Site "Budapest HUN"]
[Date "2024.09.19"]
[Round "8.61"]
[Board "4"]
[White "Sharku, Elma"]
[Black "Fathmath Zoya Hassan Saeed"]
[Result "0-1"]
[WhiteElo "1496"]
[BlackElo "1406"]
[PlyCount "62"]
[EventDate "2024.09.11"]
[WhiteTeam "Kosovo"]
[BlackTeam "Maldives"]
[WhiteTeamCountry "KOS"]
[BlackTeamCountry "MDV"]

1. e4 e5 2. Nf3 Nc6 3. d4 exd4 4. Bc4 Nf6 5. e5 d5 6. Bb5 Ne4 7. Nxd4 Bd7 8. Nxc6 bxc6 9. Bd3 Nc5 10. O-O Be7 ({RR} 10... Nxd3 11. cxd3 c5 12. Nc3 Bc6 13. d4 cxd4 14. Qxd4 Qd7 15. Rd1 Rd8 16. Bg5 Be7 17. e6 fxe6 18. Qxg7 Rf8 19. Qxh7 Bxg5 20. Qh5+ Qf7 21. Qxg5 Qxf2+ 22. Kh1 d4 23. Nb5 Rd7 24. Nxa7 Bd5 25. Rg1 {0-1 Kuderinov,K (2409)-Ceres,D (2244) Titled Tuesday intern op 01st Sept blitz 2020 (8)}) 11. a3 $146 ({RR} 11. f4 g6 12. g4 Nxd3 13. cxd3 h5 14. f5 hxg4 15. e6 fxe6 16. Qxg4 gxf5 17. Qg6+ Kf8 18. Bh6+ Rxh6 19. Qxh6+ Kf7 20. Qh7+ Kf6 21. Qh4+ Kg6 22. Qg3+ Kf7 23. Nd2 Bd6 24. Qg2 Qf6 25. Kh1 Rg8 {0-1 Ignashevich,A (1773)-Drozdov,A (2037) Perm op 06 2010 (6)}) ({RR} 11. c3 O-O 12. Bc2 Rb8 13. f4 f6 14. b4 Ne4 15. Bxe4 dxe4 16. Qb3+ Kh8 17. e6 Bc8 18. f5 Ba6 19. Rf4 Qd3 20. Qa4 Bb5 21. Qb3 Bd6 22. Rf2 e3 23. Rf3 Qe2 24. c4 Bxc4 25. Qxe3 Qd1+ {0-1 El Barbry,S (1862)-Lissa Siya Joseph Olympiad Women 2024 (4.71)}) ({RR} 11. Be3 Be6 12. f4 d4 13. Bf2 Nxd3 14. Qxd3 c5 15. Qg3 g6 16. Rd1 Qc8 17. c3 Qb7 18. cxd4 Qxb2 19. Qc3 Qxc3 20. Nxc3 cxd4 21. Nb5 c5 22. Nc7+ Kd7 23. Nxa8 Rxa8 24. Rd3 Bd5 25. Rb1 Bxa2 {0-1 Dudasko,M (1694)-Skapikova,L (1893) Tatry op Tatranske Zruby 2013 (2)}) ({RR} 11. f4 g6 12. g4 Nxd3 13. cxd3 h5 14. f5 hxg4 15. e6 fxe6 16. Qxg4 gxf5 17. Qg6+ Kf8 18. Bh6+ Rxh6 19. Qxh6+ Kf7 20. Qh7+ Kf6 21. Qh4+ Kg6 22. Qg3+ Kf7 23. Nd2 Bd6 24. Qg2 Qf6 25. Kh1 Rg8 {0-1 Kohanov,B (2028)-Nechaev,N (2134) PriFR-ch Seniors 2007 (8)}) 11... O-O 12. Nc3 a5 13. Be2 Be6 14. b3 f6 15. f4 Nd7 16. Bb2 fxe5 17. fxe5 Rxf1+ 18. Bxf1 Bc5+ 19. Kh1 Nxe5 20. Qe2 Bd4 21. Re1 Bf7 22. Qd2 c5 23. b4 axb4 24. axb4 Nc6 25. bxc5 Bxc5 26. Ne2 Qd6 27. Qc3 Qf8 28. Nf4 Bb4 29. Qxc6 Bxe1 30. Nxd5 Be8 31. Qxa8 Qxf1# 0-1

[Event "Olympiad Women 2024"]
[Site "Budapest HUN"]
[Date "2024.09.19"]
[Round "8.62"]
[Board "1"]
[White "Ndirangu, Nyaruai"]
[Black "Sosna Mehari Abraham"]
[Result "1-0"]
[WhiteElo "1782"]
[BlackElo "1541"]
[PlyCount "57"]
[EventDate "2024.09.11"]
[WhiteTeam "Kenya"]
[BlackTeam "Eritrea"]
[WhiteTeamCountry "KEN"]
[BlackTeamCountry "ERI"]

1. d4 Nf6 2. c4 d5 3. Nc3 e6 4. Bg5 c6 5. e3 Bb4 6. Qb3 Bd6 $146 ({RR} 6... Bxc3+ 7. bxc3 Nbd7 8. Nf3 h6 9. Bf4 Qb6 10. Bd3 Qxb3 11. axb3 O-O 12. c5 Ne8 13. h3 b6 14. cxb6 Nxb6 15. Ra5 Nf6 16. Bd6 Re8 17. Ke2 Bd7 18. Rha1 Nc8 19. Bc5 Rb8 20. b4 Nb6 21. Rxa7 {1-0 Berezka,A (2184)-Ugolkov,A UKR-ch sf Alushta 2008 (4)}) ({RR} 6... Qa5 7. Bxf6 gxf6 8. Rc1 Nd7 9. a3 Be7 10. cxd5 cxd5 11. Nf3 Rg8 12. g3 a6 13. Bd3 f5 14. O-O b5 15. Nxd5 exd5 16. Qxd5 Rb8 17. Bxf5 Qd8 18. Ne5 Nxe5 19. Qxe5 Bxf5 20. Qxf5 Rg6 21. Rc2 {½-½ Yankelevich,L (2416)-Rakotomaharo,F (2448) 9th Purtichju Open 2024 (8.6)}) ({RR} 6... Be7 7. Nf3 Nbd7 8. cxd5 exd5 9. Bd3 O-O 10. O-O h6 11. Bh4 Ne4 12. Bxe7 Qxe7 13. Bxe4 dxe4 14. Nd2 Nf6 15. Qc2 Bf5 16. f3 Rae8 17. Rae1 Bg6 18. f4 Bf5 19. h3 h5 20. Nc4 Rd8 21. Ne5 {½-½ Gonzalez,R-Ortega,R CUB-ch Havana 1966 (14)}) ({RR} 6... Bxc3+ 7. bxc3 Nbd7 8. Nf3 h6 9. Bh4 Qa5 10. Nd2 b5 11. cxd5 Nxd5 12. c4 Nc3 13. Rc1 Ne4 14. Rc2 bxc4 15. Qxc4 Rb8 16. Bd3 Rb1+ 17. Ke2 Rxh1 18. Qxc6 O-O 19. Qxe4 g6 20. g4 Ra1 21. a3 {1-0 Ammon,R (1817)-Diller,A (1485) Mittelfrankenliga-B2b 0607 2006 (3.8)}) 7. Nf3 Nbd7 8. Rc1 h6 9. Bh4 Qc7 10. Bd3 O-O 11. O-O b6 12. cxd5 exd5 13. Nb5 Qb8 14. Rxc6 Ne8 15. Nxd6 Nxd6 16. Bg3 Qb7 17. Rxd6 Nf6 18. Rc1 Be6 19. Rdc6 Rac8 20. Rc7 Rxc7 21. Rxc7 Qa8 22. Ba6 Ne4 23. Ne5 Nxg3 24. hxg3 f6 25. Ng6 Re8 26. Ne7+ Kf8 27. Qa3 Kf7 28. Nc6+ Kg6 29. Bb7 1-0

[Event "Olympiad Women 2024"]
[Site "Budapest HUN"]
[Date "2024.09.19"]
[Round "8.62"]
[Board "2"]
[White "Besrat Mesgena Yoseph"]
[Black "Mutisya, Jully"]
[Result "0-1"]
[WhiteElo "1557"]
[BlackElo "1750"]
[PlyCount "92"]
[EventDate "2024.09.11"]
[WhiteTeam "Eritrea"]
[BlackTeam "Kenya"]
[WhiteTeamCountry "ERI"]
[BlackTeamCountry "KEN"]

1. e4 d6 2. Nf3 Nf6 3. Nc3 g6 4. Be2 Bg7 5. O-O O-O 6. h3 c6 7. d4 Nbd7 8. e5 Ne8 9. Ng5 $146 ({RR} 9. Bc4 Nb6 10. Bb3 Nc7 11. Bg5 Ne6 12. Bh4 d5 13. Ne2 f6 14. exf6 exf6 15. Qd2 Bd7 16. Rfe1 Be8 17. Nc1 Qd7 18. Nd3 Rd8 19. Rad1 Bf7 20. Nc5 Nxc5 21. dxc5 Nc8 22. c3 Rfe8 23. Bc2 Rxe1+ {1-0 Shamkovich,L (2495)-Torre,E (2520) Interzonal-11b 1979 (5)}) ({RR} 9. exd6 Nxd6 10. Bf4 Nb6 11. Bd3 Nf5 12. Bxf5 Bxf5 13. Qe2 Re8 14. Rad1 Nd5 15. Nxd5 cxd5 16. c3 Qb6 17. Rfe1 a5 18. Ne5 f6 19. Ng4 Bd7 20. c4 Qc6 21. Ne3 dxc4 22. Qxc4+ Qxc4 23. Nxc4 Ra6 {0-1 Zueger,B (2460)-Gavrikov,V (2605) SUI-ch int Arosa 1996 (10)}) ({RR} 9. Bg5 f6 10. exf6 exf6 11. Be3 d5 12. Qd2 Rf7 13. a4 Nd6 14. Bf4 Nf8 15. Bd3 Ne6 16. Bg3 f5 17. Ne5 Rf8 18. Ne2 Ne4 19. Bxe4 dxe4 20. Rad1 g5 21. f4 Bxe5 22. dxe5 Qb6+ 23. Kh2 Qxb2 {1-0 Hng,M (1661)-Skutta,B (1998) Gibraltar Challengers op-A 2020 (4)}) ({RR} 9. Bg5 f6 10. exf6 exf6 11. Bf4 Nb6 12. d5 cxd5 13. Nxd5 Be6 14. Nxb6 Qxb6 15. Nd4 Bf7 16. Nb5 a6 17. Be3 Qa5 18. Nxd6 Nxd6 19. Qxd6 Rfd8 20. Qb6 Qxb6 21. Bxb6 Rd6 22. Be3 f5 23. c3 Rc8 {1-0 Terzian,F-Mueller Jr,B BRA-ch U20 9th 1982 (6)}) ({RR} 9. exd6 exd6 10. Bg5 Nef6 11. Qd2 b5 12. Qf4 Qc7 13. Bd3 Bb7 14. Rfe1 Rfe8 15. a3 a6 16. Rad1 Rac8 17. Bf1 Nh5 18. Qd2 Nb6 19. Rxe8+ Rxe8 20. Re1 Rxe1 21. Qxe1 Qc8 22. Ne4 Bf8 {½-½ Szymczak,Z-Schmidt,W (2450) POL-ch40 Piotrkow Trybunalski 1983 (14)}) 9... dxe5 10. dxe5 Bxe5 11. Re1 Bg7 12. Bd3 e5 13. Qf3 Nc5 14. Bc4 Qe7 15. Be3 Ne6 16. Qg4 Nf6 17. Qh4 Nh5 18. Be2 h6 19. Nf3 Qxh4 20. Nxh4 Nhf4 21. Rad1 Nxe2+ 22. Rxe2 Nd4 23. Red2 g5 24. Nf3 Nxf3+ 25. gxf3 Bxh3 26. Ne4 b6 27. Rd6 f5 28. Kh2 fxe4 29. Kxh3 exf3 30. Rxc6 Rf6 31. Rc7 Rf7 32. Rc6 Re8 33. b3 e4 34. Kg4 Re5 35. Rd8+ Kh7 36. Kh5 Ref5 37. Bd4 g4+ 38. Kxg4 Bxd4 39. Rxd4 e3 40. Rd1 e2 41. Re1 Rg5+ 42. Kh4 Rg2 43. Kh5 Rh2+ 44. Kg4 Rxf2 45. Rh1 Rg2+ 46. Kh5 f2 0-1

[Event "Olympiad Women 2024"]
[Site "Budapest HUN"]
[Date "2024.09.19"]
[Round "8.62"]
[Board "3"]
[White "Karanja, Ether"]
[Black "Elshalom Essayas Berhane"]
[Result "1-0"]
[WhiteElo "1637"]
[BlackElo "1659"]
[PlyCount "135"]
[EventDate "2024.09.11"]
[WhiteTeam "Kenya"]
[BlackTeam "Eritrea"]
[WhiteTeamCountry "KEN"]
[BlackTeamCountry "ERI"]

1. d4 e6 2. Bf4 Nf6 3. e3 c5 4. c3 Nc6 5. Nf3 cxd4 6. exd4 d5 7. Bd3 Bd6 8. Be3 ({RR} 8. Bg5 h6 9. Bh4 O-O 10. O-O e5 11. dxe5 Nxe5 12. Nxe5 Bxe5 13. Nd2 Qb6 14. Qb3 Qxb3 15. axb3 Nh5 16. Be7 Re8 17. Bc5 a6 18. g3 Nf6 19. f4 Bc7 20. Rfe1 Bd7 21. Bd4 Bc6 22. Nf3 Ne4 {1-0 Horvath,A (2250)-Boguszlavszkij,J (2320) Balatonbereny IM-A 1996 (2)}) 8... Bd7 ({RR} 8... O-O 9. h3 Re8 10. O-O Bc7 11. Nbd2 Qd6 12. Rc1 Bd7 13. Bg5 Qe7 14. Ne5 h6 15. Bxf6 gxf6 16. Qg4+ Kh8 17. Nxd7 Qxd7 18. Qh5 Kg7 19. Qg4+ Kh8 20. Qh4 Kg7 21. Qg4+ Kh8 22. Qh4 Kg7 23. Qg4+ {½-½ Wieckowska,O (1246)-Berezowska,P POL-chT4 Kujawsko-Pomorskie 1516 2015 (11)}) 9. Nbd2 O-O $146 ({RR} 9... Qc7 10. h3 O-O 11. c4 dxc4 12. Nxc4 Be7 13. O-O Nd5 14. a3 Rac8 15. Qc2 Nf6 16. Rfc1 Bd6 17. Nxd6 Qxd6 18. Qc3 Nd5 19. Qd2 e5 20. dxe5 Nxe5 21. Nxe5 Qxe5 22. Bxa7 Bc6 23. Re1 Qf4 24. Qxf4 {½-½ Somogyi,A (1535)-Der,E (1654) HUN-chT2 Erkel 0405 2004 (4)}) 10. h3 Rc8 11. O-O e5 12. dxe5 Bxe5 13. Nxe5 Nxe5 14. Bc2 Bb5 15. Re1 Nd3 16. Bxd3 Bxd3 17. Nb3 Bc4 18. Qd4 b6 19. Bg5 Rc6 20. Re3 Qc7 21. Bxf6 Rxf6 22. Rae1 Rd6 23. Nd2 Rd7 24. a3 Ba6 25. Nf3 f6 26. Qb4 Qc5 27. Re7 Rfd8 28. Nd4 Qxb4 29. axb4 Kf8 30. R7e3 Rc8 31. f3 Kf7 32. Kf2 g6 33. Kg3 Rcc7 34. h4 Bb7 35. Nb5 d4 36. Nxd4 Re7 37. Rxe7+ Rxe7 38. Rxe7+ Kxe7 39. Kf4 a6 40. b3 Kd6 41. g4 Kd5 42. h5 Bc8 43. hxg6 hxg6 44. g5 f5 45. Nc2 b5 46. Ne3+ Kd6 47. c4 Be6 48. c5+ Kc6 49. Ke5 Bxb3 50. Kf6 f4 51. Ng2 Bd1 52. Kxg6 Bxf3 53. Nxf4 a5 54. bxa5 Kxc5 55. Nd3+ Kd6 56. Kf6 Be4 57. Nb4 Kc5 58. g6 Kxb4 59. a6 Kc5 60. a7 Kb6 61. g7 Bd5 62. a8=Q Bxa8 63. g8=Q Bc6 64. Ke5 b4 65. Qb3 Ka5 66. Kd4 Bb5 67. Kc5 Ba4 68. Qxb4+ 1-0

[Event "Olympiad Women 2024"]
[Site "Budapest HUN"]
[Date "2024.09.19"]
[Round "8.63"]
[Board "1"]
[White "Ghitza, Elena"]
[Black "Sisior, Angelil"]
[Result "1-0"]
[WhiteElo "1817"]
[BlackElo "1691"]
[PlyCount "75"]
[EventDate "2024.09.11"]
[WhiteTeam "Malta"]
[BlackTeam "Palau"]
[WhiteTeamCountry "MLT"]
[BlackTeamCountry "PAL"]

1. c4 e5 2. g3 g6 3. Nc3 Bg7 4. Bg2 f5 5. e3 d6 6. d4 Nd7 ({RR} 6... Nc6 7. dxe5 dxe5 8. Bxc6+ bxc6 9. Qxd8+ Kxd8 10. Nge2 Nf6 11. b3 Ke8 12. Bb2 Kf7 13. Bc1 Ke8 14. Bb2 e4 15. h3 Ng4 16. O-O-O Ne5 17. Rd3 {½-½ Tello Chavez,I (2270)-Garcia Guerrero,I (2311) Mexico City Fenamac-A 3rd 2021 (3)}) 7. Nge2 Ngf6 8. O-O ({RR} 8. b4 O-O 9. Qb3 Kh8 10. Bb2 a5 11. a3 Re8 12. Rd1 e4 13. h4 Nh5 14. Nd5 Ndf6 15. Ndf4 axb4 16. axb4 b5 17. d5 bxc4 18. Qxc4 Nxf4 19. Nxf4 Ng4 20. Bxg7+ Kxg7 21. Rc1 Qf6 22. O-O Re7 {½-½ Harff,M (2411)-Naiditsch,A (2736) Bundesliga 1819 2018 (15.5)}) 8... c6 $146 ({RR} 8... O-O 9. Qb3 {½-½ Koenig,D (1594)-Klug,C (1530) NRW-ch U16/18 Girls 2004 (6)}) ({RR} 8... O-O 9. b4 Kh8 10. c5 dxc5 11. bxc5 c6 12. Ba3 Qe8 13. d5 e4 14. dxc6 bxc6 15. Nd4 Ba6 16. Re1 Ne5 17. Qa4 Bd3 18. Bf1 Rd8 19. Red1 Bxf1 20. Rxf1 g5 21. Nxf5 Qh5 22. Nxe4 Nfg4 {0-1 Bernard,J (2259)-Chatalbashev,B (2499) Porto Carras op 2nd 2005 (3)}) ({RR} 8... O-O 9. b3 c6 10. Bb2 Kh8 11. Qc2 Qc7 12. Rac1 b6 13. Rfd1 Bb7 14. d5 Rad8 15. dxc6 Bxc6 16. Nb5 Bxb5 17. cxb5 Qxc2 18. Rxc2 Nc5 19. b4 Ne6 20. Rc6 Ne8 21. Nc3 N6c7 22. a4 e4 23. Nd5 {1-0 Greitmann,N (1647)-Spaeth,R (1667) Baden Wuerttemberg-chT U16 2018 (2.3)}) 9. e4 Rg8 10. Qb3 h6 11. exf5 gxf5 12. Re1 Qe7 13. Nf4 Qf7 14. Bd2 Kf8 15. dxe5 Nxe5 16. Rxe5 dxe5 17. Qb4+ Ke8 18. Re1 Nd7 19. Bf3 Bf8 20. Qa5 b6 21. Qa4 Qf6 22. Bxc6 Rb8 23. Nfd5 Qg7 24. Qxa7 Bd6 25. Nb5 Qg6 26. Nxb6 Rg7 27. c5 Bxc5 28. Rxe5+ Kf8 29. Nxd7+ Rxd7 30. Qxc5+ Kf7 31. Bxd7 Bxd7 32. Re7+ Kg8 33. Rxd7 Re8 34. Qd5+ Qe6 35. Qxe6+ Rxe6 36. Bc3 Kf8 37. Nd4 Ke8 38. Rb7 1-0

[Event "Olympiad Women 2024"]
[Site "Budapest HUN"]
[Date "2024.09.19"]
[Round "8.63"]
[Board "2"]
[White "Gemota, Joan"]
[Black "Thornton, Filipina"]
[Result "0-1"]
[WhiteElo "1567"]
[BlackElo "1768"]
[PlyCount "44"]
[EventDate "2024.09.11"]
[WhiteTeam "Palau"]
[BlackTeam "Malta"]
[WhiteTeamCountry "PAL"]
[BlackTeamCountry "MLT"]

1. d4 d5 2. Nf3 Nf6 3. Nc3 Bg4 4. Bg5 e6 ({RR} 4... h6 5. Bxf6 exf6 6. g3 Bxf3 7. exf3 Qe7+ 8. Be2 Qb4 9. O-O c6 10. Rb1 Bd6 11. a3 Qa5 12. Re1 O-O 13. f4 Nd7 14. Bg4 Nb6 15. Ra1 Nc4 16. b4 Qb6 17. Qd3 a5 18. Reb1 axb4 19. axb4 {0-1 Caetano,H (1801)-Da Silva,D (1800) Mogi Guacu op 2022 (6)}) 5. e3 Be7 6. Be2 Nbd7 7. Qd2 $146 ({RR} 7. O-O c5 8. dxc5 Nxc5 9. Qd4 Bxf3 10. Bxf3 Qb6 11. Rab1 h6 12. Bf4 O-O 13. Be2 Rac8 14. Rfd1 Ncd7 15. Qxb6 Nxb6 16. Rbc1 Nc4 17. Bxc4 Rxc4 18. Be5 Rfc8 19. Rd4 R4c6 20. h3 Nd7 21. Bg3 Bf6 {0-1 Crabie,P-Sebag,M (2193) FRA-chT 9900 U18 1999 (8.3)}) ({RR} 7. h3 Bh5 8. O-O h6 9. Bh4 O-O 10. Re1 Ne4 11. Bxe7 Qxe7 12. Nxe4 dxe4 13. Nd2 Bxe2 14. Qxe2 f5 15. Qc4 Nb6 16. Qb3 Rf6 17. Nc4 Nxc4 18. Qxc4 Rg6 19. Rad1 Qh4 20. Qxc7 Qxh3 21. Qh2 Qg4 {0-1 Dobrzenski,J-Heredia Serrano,C Pan American-ch U10 Girls 2001 (7)}) 7... h6 8. Bf4 a6 9. Ne5 Bxe2 10. Nxe2 Ne4 11. Qd3 c5 12. Nxd7 Qxd7 13. Ng3 g5 14. Be5 f6 15. Nxe4 dxe4 16. Qxe4 fxe5 17. Qxe5 O-O-O 18. O-O-O c4 19. d5 exd5 20. Rxd5 Qxd5 21. Qxe7 Qd2+ 22. Kb1 Qd1+ 0-1

[Event "Olympiad Women 2024"]
[Site "Budapest HUN"]
[Date "2024.09.19"]
[Round "8.63"]
[Board "3"]
[White "Stagno, Milena"]
[Black "Sisior, Dilyolt Kyarii Parrado"]
[Result "1-0"]
[WhiteElo "1664"]
[BlackElo "1488"]
[PlyCount "53"]
[EventDate "2024.09.11"]
[WhiteTeam "Malta"]
[BlackTeam "Palau"]
[WhiteTeamCountry "MLT"]
[BlackTeamCountry "PAL"]

1. e4 c6 2. d4 d5 3. e5 c5 4. c3 Nc6 5. Nf3 Bg4 6. Be2 e6 7. Be3 Nge7 8. h3 ({RR} 8. dxc5 Nf5 9. Bd4 Bxf3 10. Bxf3 Nfxd4 11. cxd4 Qa5+ 12. Nc3 Qb4 13. O-O Qxd4 14. Qxd4 Nxd4 15. Na4 g5 16. Bh5 Bh6 17. Rad1 Nc6 18. h4 Rg8 19. g4 Nxe5 20. hxg5 Nxg4 21. Bxg4 Rxg5 22. f3 f5 {0-1 Bakre,T (2462)-Shaposhnikov,E (2519) Wch U20 Athens 2001 (13)}) ({RR} 8. O-O Nf5 9. dxc5 Nxe3 10. fxe3 Bxc5 11. Nd4 Bxe2 12. Qxe2 Nxe5 13. Qb5+ Nd7 14. Qxb7 Rb8 15. Qa6 Rxb2 16. Na3 O-O 17. Nac2 e5 18. Nc6 Qg5 19. Rf2 Bxe3 20. Nxe3 Qxe3 21. Raf1 Rxf2 22. Rxf2 Qxc3 {0-1 Zepeda Berlanga,J (1939)-Shevchuk,O (2093) Titled Tue 18th Jun Late 2024 (9)}) 8... Bxf3 9. Bxf3 Nf5 10. O-O Nxe3 $146 ({RR} 10... cxd4 11. Bxd4 Nfxd4 12. cxd4 Qb6 13. Qd2 Nxd4 14. Nc3 Nxf3+ 15. gxf3 Be7 16. Rab1 O-O 17. Kh1 Qb4 18. Rg1 g6 19. Rg4 Qb6 20. Rbg1 Rfd8 21. h4 h5 22. R4g2 Bf8 23. Ne2 Qb4 24. Qg5 Bg7 25. Nf4 {½-½ Howard,E (2017)-Chevannes,S (1824) BCF-chT 0102 (4NCL) 2001 (3.8)}) ({RR} 10... Qb6 11. dxc5 Qxb2 12. Bc1 Qb5 13. a4 Qxc5 14. Ba3 Qa5 15. Bxf8 Kxf8 16. Qb3 Nxe5 17. Be2 Qb6 18. Qa3+ Qd6 19. Qb3 Qe7 20. Na3 g6 21. Rab1 Nd6 22. Rfd1 Kg7 23. Qb4 Nc6 24. Qb2 Qf6 25. Nb5 {0-1 Gataullin,A (2081)-Kostin,A (2374) Anapa op-B 2010 (2)}) ({RR} 10... cxd4 11. cxd4 Qb6 12. Qa4 Nfxd4 13. Bg4 Qxb2 14. Nd2 Qc2 15. Nb3 Nxb3 16. axb3 Qe4 17. Qb5 Qb4 18. Qe2 Be7 19. Bd2 Qb6 20. Kh1 O-O 21. Rac1 d4 22. f4 Bb4 23. f5 Bxd2 24. Qxd2 Nxe5 25. f6 {1-0 Morra,L (1542)-Stein,M (1955) Scarborough CC Fall Swiss 2007 (2)}) 11. fxe3 g6 12. Na3 Bg7 13. Nb5 O-O 14. Nd6 f6 15. Nxb7 Qe7 16. Nxc5 fxe5 17. Bg4 Rxf1+ 18. Qxf1 Rf8 19. Bxe6+ Kh8 20. Qb5 Nxd4 21. exd4 exd4 22. Bxd5 dxc3 23. bxc3 Bxc3 24. Rd1 Qe3+ 25. Kh1 a6 26. Qc6 Qg3 27. Ne4 1-0